Welcome to CU Library Online Public Access Catalogue (OPAC)

Economics Evolving: (Record no. 8915)

MARC details
000 -LEADER
fixed length control field 00444nam a22001457a 4500
005 - DATE AND TIME OF LATEST TRANSACTION
control field 20260311092318.0
008 - FIXED-LENGTH DATA ELEMENTS--GENERAL INFORMATION
fixed length control field 260311b |||||||| |||| 00| 0 eng d
020 ## - INTERNATIONAL STANDARD BOOK NUMBER
International Standard Book Number 9780691148427
050 ## - LIBRARY OF CONGRESS CALL NUMBER
Classification number HB75
Item number .S293165
100 ## - MAIN ENTRY--PERSONAL NAME
Personal name Sandmo, Agnar
245 ## - TITLE STATEMENT
Title Economics Evolving:
Remainder of title a history of economic thought
Statement of responsibility, etc. Agnar Sandmo
260 ## - PUBLICATION, DISTRIBUTION, ETC.
Place of publication, distribution, etc. Princeton
-- Oxford
Name of publisher, distributor, etc. Princeton University Press
Date of publication, distribution, etc. 2011
300 ## - PHYSICAL DESCRIPTION
Extent viii. 489p.
Other physical details ill.
Dimensions 23.5cm
942 ## - ADDED ENTRY ELEMENTS (KOHA)
Source of classification or shelving scheme Library of Congress Classification
Koha item type Books
Suppress in OPAC No
999 ## -
-- 8915
-- 8915
Holdings
Withdrawn status Lost status Source of classification or shelving scheme Damaged status Not for loan Collection Home library Current library Shelving location Date acquired Total checkouts Full call number Barcode Date last seen Copy number Price effective from Koha item type
    Library of Congress Classification     Non-fiction Business Library (Miotso) Business Library (Miotso) General stacks 03/11/2026   HB75 .S293165 SAN BSSM00002471 03/11/2026 1 03/11/2026 Books
© 2023-2024 Copyright: Central University Libraries. All Rights Reserved | Created by: Mahone Tech Office